000 00642cab a2200217 4500
001 WB3202-38
008 090401t1996 xxu||||| |||| 00| 0 eng d
035 _a(Sirsi) u61218
041 _aeng
245 _aGolf sector given a boost
260 _c1996
350 _a0
490 _aSunday Times
_v7 January 1996, 25(1)
520 _aThe arrival in February of Clubhaus, Britain`s first quoted golf club operator could stimulate further interest in the golf sector.
650 _aGOLF COURSES
650 _aLEISURE DEVELOPMENT
650 _aLEISURE MARKET
690 _aLEISURE AND RECREATION
942 _n0
948 _c04/03/1997
999 _c37880
_d37880